| 000 | 00688nam a2200169 a 4500 | ||
|---|---|---|---|
| 008 | 120416s1992 ||||||||||||||||| || u | ||
| 020 | _a0521467861 | ||
| 050 | _aGN 281.4 Cam | ||
| 100 | _aSteve, Jones | ||
| 245 | 1 | 4 | _aThe Cambridge encyclopedia of human evolution |
| 246 | _aJones Steve | ||
| 260 |
_aCambridge _bCambridge University Press _c1992 |
||
| 350 | _a0.00 | ||
| 700 | _aRobert, Martin | ||
| 995 |
_aREFERENCE BOOKS _D0.00 _e733555 _FCBU-MAIN LIBRARY (Kitwe) _H2 _I45.00 _jGN 281.4 Cam _M2 _UREFERENCE _y45345 _ZReference Collection |
||
| 995 |
_aREFERENCE BOOKS _D0.00 _e730484 _FCBU-MAIN LIBRARY (Kitwe) _H1 _I45.00 _jGN 281.4 Cam _M1 _UREFERENCE _WMay 19, 2006 _y027415 _ZReference Collection |
||
| 999 |
_c78004 _d78004 |
||